Forum for the Future (Record no. 120309)

MARC details
000 -LEADER
fixed length control field 00826cam a2200181 4500
001 - CONTROL NUMBER
control field WS122906
008 - FIXED-LENGTH DATA ELEMENTS--GENERAL INFORMATION
fixed length control field 030702n 000 0 eng u
035 ## - SYSTEM CONTROL NUMBER
System control number (Sirsi) u122906
110 ## - MAIN ENTRY--CORPORATE NAME
Corporate name or jurisdiction name as entry element Forum for the Future
9 (RLIN) 4135
245 ## - TITLE STATEMENT
Title Forum for the Future
Medium [electronic resource]
520 ## - SUMMARY, ETC.
Summary, etc. Web site for this organisation which aims to 'accelerate the building of a sustainable way of life, taking a positive, solutions orientated approach'. Includes a definition of sustainable development, a history of the organisation and details of publications.
650 ## - SUBJECT ADDED ENTRY--TOPICAL TERM
Topical term or geographic name entry element SUSTAINABLE DEVELOPMENT
650 ## - SUBJECT ADDED ENTRY--TOPICAL TERM
Topical term or geographic name entry element Sustainability
9 (RLIN) 6271
650 ## - SUBJECT ADDED ENTRY--TOPICAL TERM
Topical term or geographic name entry element ORGANISATION
690 ## - LOCAL SUBJECT ADDED ENTRY--TOPICAL TERM (OCLC, RLIN)
Topical term or geographic name as entry element ENVIRONMENTAL AND LAND CONSULTANCY
856 40 - ELECTRONIC LOCATION AND ACCESS
Uniform Resource Identifier <a href="https://www.forumforthefuture.org/">https://www.forumforthefuture.org/</a>
Public note View the website free of charge at www.forumforthefuture.org
942 ## - ADDED ENTRY ELEMENTS (KOHA)
Suppress in OPAC 0
Holdings
Withdrawn status Lost status Source of classification or shelving scheme Damaged status Not for loan Home library Current library Shelving location Date acquired Total Checkouts Full call number Barcode Date last seen Copy number Price effective from Koha item type
    Dewey Decimal Classification     Virtual Virtual Online 02/07/2003   ONLINE PUBLICATION 122906-1001 06/08/2019 1 06/08/2019 Online material